[Event "ROM-chT (Women)"]
[Site "Eforie Nord"]
[Date "2023.09.27"]
[Round "5.3"]
[White "Navrotescu, Andreea Cristiana"]
[Black "Dragomirescu, Angela"]
[Result "1-0"]
[WhiteElo "2228"]
[BlackElo "2103"]
[PlyCount "95"]
[EventDate "2023.09.23"]
[EventType "team-tourn"]
[EventRounds "7"]
[EventCountry "ROU"]
[SourceTitle "EXT 2024"]
[Source "ChessBase"]
[SourceDate "2023.10.10"]
[SourceVersion "1"]
[SourceVersionDate "2023.10.10"]
[SourceQuality "1"]
[WhiteTeam "Iasi (W)"]
[BlackTeam "Timisoara Medicina (W)"]
[WhiteTeamCountry "ROU"]
[BlackTeamCountry "ROU"]

1. d4 d6 2. Nf3 Nf6 3. c4 Nbd7 4. Nc3 e5 5. g3 Be7 6. Bg2 c6 7. 0-0 0-0 8. e4 Qe8 9. h3 Bd8 10. Qc2 Ba5 11. Bd2 Bb6 12. d5 Qe7 13. Nh4 Nc5 14. b4 Na6 15. a3 Bd4 16. Rac1 Bd7 17. Ne2 Bb6 18. a4 Rfc8 19. a5 Bd8 20. dxc6 bxc6 21. Qd3 Rab8 22. Rb1 d5 23. cxd5 cxd5 24. exd5 e4 25. Qd4 Bb5 26. Nc3 Bxf1 27. Bxf1 Rxb4 28. d6 Rxd4 29. dxe7 Bxe7 30. Nf5 Rd7 31. Bxa6 Rcd8 32. Nxe7+ Rxe7 33. Be3 h5 34. Bb7 Rd3 35. Na4 Nd5 36. Nc5 Nc3 37. Rb4 Rd1+ 38. Kg2 f5 39. a6 Ne2 40. Bc8 g6 41. Rb7 Kf8 42. Ne6+ Ke8 43. Bc5 Rxb7 44. axb7 Rg1+ 45. Kh2 Rb1 46. Bxa7 Ng1 47. Ng5 e3 48. fxe3 1-0

[Event "Brasov GP RO"]
[Site "Brasov"]
[Date "2023.07.21"]
[Round "8"]
[White "Dragomirescu, Angela"]
[Black "Kevlishvili, Robby"]
[Result "0-1"]
[WhiteElo "2109"]
[BlackElo "2529"]
[PlyCount "96"]
[EventDate "2023.07.16"]
[EventType "swiss"]
[EventRounds "9"]
[EventCountry "ROU"]
[SourceTitle "CBM 215 Extra"]
[Source "ChessBase"]
[SourceDate "2023.09.30"]
[SourceVersion "1"]
[SourceVersionDate "2023.09.30"]
[SourceQuality "1"]

1. Nf3 d5 2. g3 Nc6 3. d3 e5 4. Bg2 Nf6 5. 0-0 h6 6. c3 a5 7. Nbd2 Be6 8. e4 dxe4 9. dxe4 Bc5 10. Qe2 0-0 11. Nc4 Nd7 12. Ne3 a4 13. Nh4 Re8 14. Nhf5 Kh7 15. Rd1 Ne7 16. Ng4 Ng8 17. h4 Ngf6 18. Bh3 Nxg4 19. Bxg4 Qc8 20. Nxh6 gxh6 21. Qd2 Re7 22. Qxh6+ Kg8 23. Qg5+ Kf8 24. Qh6+ Kg8 25. Qg5+ Kf8 26. Qh6+ Ke8 27. Qh8+ Nf8 28. Bh6 Rd7 29. Qxe5 Ra5 30. Kg2 Ng6 31. Qg5 Rxd1 32. Bxd1 Qd7 33. Bf3 Bb6 34. Qf6 Qe7 35. Qg7 Qf8 36. Qh7 Qh8 37. Qxh8+ Nxh8 38. h5 f6 39. Bg7 Kf7 40. Bxh8 Ra8 41. Bxf6 Kxf6 42. e5+ Kxe5 43. Bxb7 Rb8 44. Bc6 Bc5 45. Re1+ Kd6 46. h6 Rxb2 47. Bf3 Rxf2+ 48. Kh1 Rxf3 0-1

[Event "ROM-ch (Women)"]
[Site "Sebes"]
[Date "2023.02.26"]
[Round "9"]
[White "Dragomirescu, Angela"]
[Black "Ciolacu, Alessia Mihaela"]
[Result "1/2-1/2"]
[WhiteElo "2113"]
[BlackElo "2231"]
[PlyCount "103"]
[EventDate "2023.02.19"]
[EventType "swiss"]
[EventRounds "9"]
[EventCountry "ROU"]
[SourceTitle "CBM 212 Extra"]
[Source "ChessBase"]
[SourceDate "2023.03.31"]
[SourceVersion "1"]
[SourceVersionDate "2023.03.31"]
[SourceQuality "1"]

1. Nf3 c5 2. c4 Nc6 3. b3 e5 4. d3 g6 5. Bb2 Bg7 6. g3 Nge7 7. Nc3 0-0 8. Bg2 d6 9. 0-0 h6 10. Qd2 Be6 11. Ne1 Qd7 12. Nc2 d5 13. cxd5 Nxd5 14. Nxd5 Bxd5 15. Bxd5 Qxd5 16. Ne3 Qe6 17. Rac1 b6 18. Rfe1 Kh7 19. Ng2 a5 20. Rc4 Rfd8 21. Qe3 Rd7 22. Kh1 a4 23. bxa4 Rda7 24. a3 Rxa4 25. Rec1 Qd5 26. Kg1 Nd4 27. Kf1 h5 28. Qe4 Qd7 29. h4 Qb5 30. Bxd4 exd4 31. Nf4 Rxc4 32. dxc4 Qb2 33. Rb1 Qxa3 34. Rxb6 Qc1+ 35. Kg2 Ra1 36. Kh3 Qe1 37. Nxg6 Qf1+ 38. Kh2 Qg1+ 39. Kh3 Qf1+ 40. Kh2 Qxf2+ 41. Kh3 Qf1+ 42. Kh2 Qg1+ 43. Kh3 Qf1+ 44. Kh2 f5 45. Nf8+ Kh8 46. Ng6+ Kh7 47. Nf8+ Bxf8 48. Rb7+ Bg7 49. Rxg7+ Kxg7 50. Qe7+ Kg8 51. Qe8+ Kg7 52. Qe7+ 1/2-1/2

[Event "ROM-ch (Women)"]
[Site "Sebes"]
[Date "2023.02.23"]
[Round "6"]
[White "Vorniceanu, Alina"]
[Black "Dragomirescu, Angela"]
[Result "0-1"]
[WhiteElo "1511"]
[BlackElo "2113"]
[PlyCount "99"]
[EventDate "2023.02.19"]
[EventType "swiss"]
[EventRounds "9"]
[EventCountry "ROU"]
[SourceTitle "CBM 212 Extra"]
[Source "ChessBase"]
[SourceDate "2023.03.31"]
[SourceVersion "1"]
[SourceVersionDate "2023.03.31"]
[SourceQuality "1"]

1. e4 d6 2. d4 Nf6 3. Nc3 e5 4. Nf3 Nbd7 5. Be2 Be7 6. 0-0 0-0 7. Re1 c6 8. h3 b5 9. a3 Bb7 10. Be3 Qc7 11. Qd2 Rfe8 12. Rad1 Bf8 13. Bf1 a6 14. Qc1 exd4 15. Bxd4 c5 16. Bxf6 Nxf6 17. Nd5 Nxd5 18. exd5 Rxe1 19. Nxe1 Be7 20. Nf3 Bf6 21. c4 bxc4 22. Bxc4 Bc8 23. Re1 Bd7 24. b3 a5 25. a4 Rd8 26. Qc2 Qb6 27. Qd2 h6 28. Re2 Qb4 29. Qxb4 cxb4 30. Ba6 Bc3 31. Nd2 Bxd2 32. Rxd2 Bf5 33. f3 g5 34. Kf2 Kg7 35. Bb5 Kf6 36. Re2 Bd7 37. Bc4 Rc8 38. Re4 Bf5 39. Re2 h5 40. g4 hxg4 41. hxg4 Bg6 42. Re3 Bc2 43. Re2 Rxc4 44. bxc4 b3 45. c5 b2 46. Re1 b1Q 47. Rxb1 Bxb1 48. cxd6 Ba2 49. f4 Bxd5 50. fxg5+ 0-1

[Event "ROM-ch (Women)"]
[Site "Sebes"]
[Date "2023.02.21"]
[Round "4"]
[White "Sandu, Mihaela"]
[Black "Dragomirescu, Angela"]
[Result "1-0"]
[WhiteElo "2206"]
[BlackElo "2113"]
[PlyCount "121"]
[EventDate "2023.02.19"]
[EventType "swiss"]
[EventRounds "9"]
[EventCountry "ROU"]
[SourceTitle "CBM 212 Extra"]
[Source "ChessBase"]
[SourceDate "2023.03.31"]
[SourceVersion "1"]
[SourceVersionDate "2023.03.31"]
[SourceQuality "1"]

1. e4 d6 2. d4 Nf6 3. Nc3 g6 4. Nf3 Bg7 5. Be2 0-0 6. 0-0 a6 7. a4 b6 8. Re1 Bb7 9. Bf1 e6 10. h3 Nc6 11. Qe2 e5 12. Be3 exd4 13. Nxd4 Nxe4 14. Nxc6 Bxc6 15. Qc4 Bb7 16. Nd5 Nc5 17. Bxc5 bxc5 18. c3 a5 19. Rad1 c6 20. Ne7+ Kh8 21. Qf4 d5 22. c4 d4 23. Bd3 Qb8 24. Qf3 Qd6 25. Re2 Rab8 26. Rde1 Ba8 27. h4 Bf6 28. h5 Rb7 29. Nf5 Qd8 30. Ng3 Bg7 31. Qf4 Qc7 32. Qg5 f6 33. Qxc5 Qb6 34. Qxb6 Rxb6 35. hxg6 hxg6 36. c5 Rb4 37. Bxg6 Bb7 38. Bd3 Bc8 39. Re8 Bd7 40. R8e7 Bc8 41. Nh5 Rb3 42. Bg6 d3 43. Nxg7 d2 44. Rd1 Rxb2 45. Nf5 Bxf5 46. Bxf5 Rd8 47. Rh7+ Kg8 48. Rd7 Rxd7 49. Bxd7 Rc2 50. Kf1 Rxc5 51. Rxd2 Kf7 52. g4 Ke7 53. f3 Rc4 54. Ke2 Rxa4 55. Bxc6 Ra3 56. Be4 Rc3 57. Rd5 a4 58. Bf5 Rc7 59. Ra5 Rc4 60. Ra6 Rb4 61. Bc2 1-0

[Event "Sebes Romanian Rapid op"]
[Site "Sebes"]
[Date "2022.12.02"]
[Round "5"]
[White "Stan, Luciana Gabriela"]
[Black "Dragomirescu, Angela"]
[Result "0-1"]
[WhiteElo "1823"]
[BlackElo "2113"]
[PlyCount "56"]
[EventDate "2022.12.02"]
[EventType "swiss (rapid)"]
[EventRounds "8"]
[EventCountry "ROU"]
[SourceTitle "CBM 211 Extra"]
[Source "ChessBase"]
[SourceDate "2023.01.31"]
[SourceVersion "1"]
[SourceVersionDate "2023.01.31"]
[SourceQuality "1"]

1. Nf3 d6 2. c4 e5 3. d4 e4 4. Ng5 f5 5. Nc3 Be7 6. Nh3 Nf6 7. g3 c6 8. Qb3 Na6 9. Bg2 Nc7 10. 0-0 0-0 11. d5 cxd5 12. cxd5 Kh8 13. Be3 Ng4 14. Bd4 Bf6 15. Rad1 Bxd4 16. Rxd4 Qf6 17. Rfd1 Na6 18. Qc2 Bd7 19. f3 Ne3 20. Qd2 Nxd1 21. Qxd1 exf3 22. Bxf3 Rae8 23. Bg2 Nc5 24. b4 Ne4 25. Nxe4 fxe4 26. Nf4 g5 27. Nh5 Qf2+ 28. Kh1 Bg4 0-1

[Event "ROM-chT (Women)"]
[Site "Oradea"]
[Date "2022.09.27"]
[Round "5.7"]
[White "Ionica, Iulia Ionela"]
[Black "Dragomirescu, Angela"]
[Result "0-1"]
[WhiteElo "2187"]
[BlackElo "2122"]
[PlyCount "82"]
[EventDate "2022.09.23"]
[EventType "team-tourn"]
[EventRounds "7"]
[EventCountry "ROU"]
[SourceTitle "CBM 210 Extra"]
[Source "ChessBase"]
[SourceDate "2022.11.30"]
[SourceVersion "1"]
[SourceVersionDate "2022.11.30"]
[SourceQuality "1"]

1. e4 e5 2. Nf3 Nc6 3. d4 exd4 4. Nxd4 Bc5 5. Nb3 Bb6 6. Nc3 Nge7 7. Bg5 0-0 8. Qd2 f6 9. Be3 Bxe3 10. Qxe3 d6 11. Bc4+ Kh8 12. 0-0-0 f5 13. f4 fxe4 14. Qxe4 Bf5 15. Qf3 Qc8 16. h3 Bg6 17. Rhf1 Ne5 18. Qe2 Nxc4 19. Qxc4 Nf5 20. Rde1 Re8 21. Ne4 c6 22. Qc3 d5 23. Ng5 Qc7 24. Re5 Rxe5 25. fxe5 Qe7 26. Nf3 Ng3 27. Re1 Ne4 28. Qd4 b6 29. Nbd2 Rd8 30. Nf1 c5 31. Qg1 Qe6 32. h4 d4 33. Kb1 Qd5 34. N1d2 c4 35. g4 Nxd2+ 36. Nxd2 c3 37. bxc3 d3 38. Qd4 Qb5+ 39. Qb4 dxc2+ 40. Kc1 Qd3 41. c4 a5 0-1

[Event "ROM-ch (Women)"]
[Site "Eforie Nord"]
[Date "2022.02.26"]
[Round "8"]
[White "Dragomirescu, Angela"]
[Black "Nikanova, Ekaterina"]
[Result "1/2-1/2"]
[WhiteElo "2167"]
[BlackElo "1935"]
[PlyCount "101"]
[EventDate "2022.02.20"]
[EventType "swiss"]
[EventRounds "9"]
[EventCountry "ROU"]
[SourceTitle "CBM 207 Extra"]
[Source "ChessBase"]
[SourceDate "2022.05.31"]
[SourceVersion "1"]
[SourceVersionDate "2022.05.31"]
[SourceQuality "1"]

1. d4 Nf6 2. Nf3 e6 3. g3 b5 4. Bg2 Bb7 5. 0-0 c5 6. Bg5 cxd4 7. Nxd4 Bxg2 8. Kxg2 Nc6 9. Nxb5 Rb8 10. c4 a6 11. Nd4 Qb6 12. Nb3 Na5 13. N1d2 Nxc4 14. Nxc4 Qc6+ 15. Kg1 Qxc4 16. Bf4 Rd8 17. Rc1 Qd5 18. Bc7 Qxd1 19. Rfxd1 Ra8 20. Be5 Be7 21. Rc7 0-0 22. Bxf6 Bxf6 23. Rdxd7 Bxb2 24. Ra7 f5 25. e3 Rfc8 26. Rxa8 Rxa8 27. Re7 e5 28. Rb7 Ba3 29. Na5 e4 30. h4 Bf8 31. Nb3 g6 32. Kf1 a5 33. a4 Bb4 34. Rb5 Kg7 35. h5 Kh6 36. hxg6 hxg6 37. Kg2 Ra6 38. f3 exf3+ 39. Kxf3 Kg7 40. Rb7+ Kf6 41. Rb5 Kg7 42. Rd5 Kf6 43. Rb5 Kg7 44. Rb7+ Kf6 45. Rb5 Kg7 46. Kg2 Kh6 47. Kf3 Kg7 48. Rb7+ Kf6 49. Rb5 Kg7 50. Rd5 Kf6 51. Rb5 1/2-1/2

[Event "ROM-ch (Women)"]
[Site "Eforie Nord"]
[Date "2022.02.22"]
[Round "3"]
[White "Dragomirescu, Angela"]
[Black "Trifoi, Mihaela Ioana"]
[Result "0-1"]
[WhiteElo "2167"]
[BlackElo "1893"]
[PlyCount "154"]
[EventDate "2022.02.20"]
[EventType "swiss"]
[EventRounds "9"]
[EventCountry "ROU"]
[SourceTitle "CBM 207 Extra"]
[Source "ChessBase"]
[SourceDate "2022.05.31"]
[SourceVersion "1"]
[SourceVersionDate "2022.05.31"]
[SourceQuality "1"]

1. Nf3 d5 2. g3 Nf6 3. Bg2 e6 4. c4 c6 5. b3 Be7 6. Bb2 0-0 7. 0-0 b6 8. e3 a5 9. Nc3 Ba6 10. Qe2 Nbd7 11. Rad1 Qc8 12. Nd4 Rb8 13. a4 Nc5 14. d3 e5 15. Nf3 Qc7 16. cxd5 e4 17. Nd4 Bxd3 18. Rxd3 exd3 19. Qf3 cxd5 20. Nf5 Ne6 21. Rd1 Rfd8 22. Rxd3 Bf8 23. h4 g6 24. Nh6+ Bxh6 25. Qxf6 Bg7 26. Qf3 d4 27. exd4 Nxd4 28. Qd1 Ne6 29. Bd5 Rbc8 30. Qe2 Nd4 31. Qd1 Qc5 32. Bc4 Ne6 33. Ne4 Rxd3 34. Qxd3 Qe7 35. Bxg7 Kxg7 36. Qe3 Nc5 37. Qd4+ f6 38. Nc3 Rd8 39. Nd5 Qe1+ 40. Kh2 Qe5 41. Qxe5 fxe5 42. Kg2 Rf8 43. Ne3 e4 44. Kf1 Nd3 45. f4 Nb4 46. Ke2 Rd8 47. Ng4 Nc2 48. Ne5 Nd4+ 49. Ke3 Nf5+ 50. Kxe4 Nxg3+ 51. Kf3 Nf5 52. Bd3 Nxh4+ 53. Kg4 Ng2 54. Be4 Ne3+ 55. Kf3 Nf5 56. Nc4 Nd4+ 57. Ke3 Nxb3 58. Nxb6 Rb8 59. Nd7 Rb4 60. Bc2 Nd4 61. Bd1 Ne6 62. Ne5 Rxf4 63. Bb3 Rf5 64. Nc4 h5 65. Nd6 Re5+ 66. Kf2 Nd4 67. Bc4 h4 68. Bf1 Rd5 69. Nc4 Rf5+ 70. Kg1 g5 71. Bd3 Rf3 72. Be4 Rf4 73. Bd5 g4 74. Kg2 Nf5 75. Kg1 h3 76. Kh2 Rf2+ 77. Kg1 g3 0-1

[Event "ROM-ch (Women)"]
[Site "Eforie Nord"]
[Date "2022.02.20"]
[Round "1"]
[White "Maria, Lia Alexandra"]
[Black "Dragomirescu, Angela"]
[Result "0-1"]
[WhiteElo "1832"]
[BlackElo "2167"]
[PlyCount "84"]
[EventDate "2022.02.20"]
[EventType "swiss"]
[EventRounds "9"]
[EventCountry "ROU"]
[SourceTitle "CBM 207 Extra"]
[Source "ChessBase"]
[SourceDate "2022.05.31"]
[SourceVersion "1"]
[SourceVersionDate "2022.05.31"]
[SourceQuality "1"]

1. e4 d6 2. d4 Nf6 3. Nc3 g6 4. Nf3 Bg7 5. Be2 0-0 6. 0-0 e6 7. h3 a6 8. a4 b6 9. Bg5 h6 10. Be3 Bb7 11. Qc1 Kh7 12. Nd2 c5 13. Rd1 Qc7 14. dxc5 bxc5 15. Nc4 Rd8 16. e5 dxe5 17. Rxd8 Qxd8 18. Bxc5 Nbd7 19. Ba3 Bc6 20. Nd6 Kg8 21. Qd2 Qc7 22. Rd1 Nb6 23. b3 Nbd5 24. Nce4 Nf4 25. Bf3 Nd7 26. Qe3 Nd5 27. Qd3 f5 28. Nc5 Qxd6 29. Nxe6 Qxe6 30. Bxd5 Qxd5 31. Qxd5+ Bxd5 32. Rxd5 Ra7 33. c4 Kf7 34. c5 Rc7 35. a5 Bf8 36. b4 Ke6 37. Rd1 Be7 38. Kf1 Nb8 39. Ke2 Nc6 40. Rd2 Rb7 41. Rb2 Nd4+ 42. Kd3 Nb5 0-1

[Event "EU-Cup Online Gr-E (Women)"]
[Site "Tornelo INT"]
[Date "2020.12.19"]
[Round "4.2"]
[White "Dragomirescu, Angela"]
[Black "Pert, Nina P"]
[Result "0-1"]
[WhiteElo "2233"]
[BlackElo "1537"]
[PlyCount "80"]
[EventDate "2020.12.19"]
[EventType "team-tourn (rapid)"]
[EventRounds "9"]
[EventCountry "ISS"]
[SourceTitle "CBM 199 Extra"]
[Source "ChessBase"]
[SourceDate "2021.01.31"]
[SourceVersion "1"]
[SourceVersionDate "2021.01.31"]
[SourceQuality "1"]
[WhiteTeam "Timisoara Medicina (W)"]
[BlackTeam "She Plays To Win (W)"]
[WhiteTeamCountry "ROU"]
[BlackTeamCountry "ENG"]

1. Nf3 e6 2. c4 f5 3. g3 Nf6 4. Bg2 Be7 5. 0-0 0-0 6. b3 d6 7. d4 Qe8 8. Nc3 Ne4 9. Qc2 Nxc3 10. Qxc3 Nc6 11. Bb2 Bf6 12. Qc2 a5 13. Bc3 Qh5 14. a3 e5 15. dxe5 dxe5 16. Rad1 f4 17. b4 Bg4 18. b5 Ne7 19. c5 Ng6 20. a4 e4 21. Qxe4 Bxc3 22. Qc4+ Kh8 23. Qxc3 Rae8 24. Rd2 Ne5 25. Nd4 f3 26. exf3 Nxf3+ 27. Nxf3 Bxf3 28. Rd7 Qg4 29. Rd4 Qh5 30. Bxf3 Rxf3 31. Qc2 Qf7 32. c6 bxc6 33. Qxc6 Rf8 34. Rd7 Qa2 35. Qc3 Rxc3 36. h4 Rcf3 37. Rxc7 Rxf2 38. Rxf2 Qxf2+ 39. Kh1 Qf1+ 40. Kh2 Rf2# 0-1

[Event "ROM-chT (Women)"]
[Site "Mamaia"]
[Date "2019.09.29"]
[Round "7.3"]
[White "Dragomirescu, Angela"]
[Black "Batagan, Ilinca Petra"]
[Result "1-0"]
[WhiteElo "2231"]
[BlackElo "1742"]
[PlyCount "81"]
[EventDate "2019.09.21"]
[EventType "team-tourn"]
[EventRounds "7"]
[EventCountry "ROU"]
[SourceTitle "EXT 2020"]
[Source "ChessBase"]
[SourceDate "2019.10.17"]
[SourceVersion "1"]
[SourceVersionDate "2019.10.17"]
[SourceQuality "1"]

1. d4 d5 2. c4 e6 3. Nf3 Nf6 4. g3 c5 5. cxd5 exd5 6. Bg2 Nc6 7. 0-0 Be7 8. Nc3 c4 9. Ne5 0-0 10. e4 Be6 11. exd5 Nxd5 12. Nxc6 bxc6 13. Ne4 Qb6 14. Re1 c5 15. Nxc5 Bxc5 16. dxc5 Qxc5 17. Re5 Rad8 18. Qe1 Qb4 19. Bg5 Qxe1+ 20. Raxe1 Rd7 21. Rd1 Nb6 22. Rxd7 Nxd7 23. Re2 h6 24. Be3 a6 25. Bd4 Rd8 26. f3 Nb8 27. Bc3 Nc6 28. Kf2 Kf8 29. a3 Rd3 30. Re3 Rd8 31. Bf1 Bd5 32. Re1 f6 33. Bh3 Kf7 34. Bf5 Re8 35. Bg6+ Kxg6 36. Rxe8 Kf5 37. Ke3 Kg6 38. Ra8 Ne5 39. Rd8 Bc6 40. Bxe5 fxe5 41. Rd6+ 1-0

[Event "Pleven Young Talents (Women)"]
[Site "Pleven"]
[Date "2019.03.27"]
[Round "8"]
[White "Stepanyan, Eva"]
[Black "Dragomirescu, Angela"]
[Result "1/2-1/2"]
[WhiteElo "2085"]
[BlackElo "2260"]
[PlyCount "61"]
[EventDate "2019.03.22"]
[EventType "tourn"]
[EventRounds "9"]
[EventCountry "BUL"]
[SourceTitle "CBM 189 Extra"]
[Source "ChessBase"]
[SourceDate "2019.06.03"]
[SourceVersion "1"]
[SourceVersionDate "2019.06.03"]
[SourceQuality "1"]

1. e4 d6 2. d4 Nf6 3. Nc3 g6 4. Nf3 Bg7 5. Bc4 0-0 6. 0-0 c6 7. a4 Qc7 8. h3 Nbd7 9. Be3 Nxe4 10. Nxe4 d5 11. Bxd5 cxd5 12. Nc3 Nf6 13. Ne5 Be6 14. Bf4 Qb6 15. Ra3 Rac8 16. a5 Qd8 17. Re1 Ne8 18. a6 b6 19. Nb5 Bxe5 20. Bxe5 Qd7 21. Qe2 Ng7 22. Rb3 f6 23. Bh2 Rfe8 24. Re3 Kf8 25. c3 Bf7 26. g4 h5 27. Kg2 Rc6 28. Bg3 Rcc8 29. Bh2 Rc6 30. Bg3 Rcc8 31. Bh2 1/2-1/2

[Event "Pleven Young Talents (Women)"]
[Site "Pleven"]
[Date "2019.03.22"]
[Round "1"]
[White "Yurasova, Daria"]
[Black "Dragomirescu, Angela"]
[Result "1-0"]
[WhiteElo "2158"]
[BlackElo "2260"]
[PlyCount "117"]
[EventDate "2019.03.22"]
[EventType "tourn"]
[EventRounds "9"]
[EventCountry "BUL"]
[SourceTitle "CBM 189 Extra"]
[Source "ChessBase"]
[SourceDate "2019.06.03"]
[SourceVersion "1"]
[SourceVersionDate "2019.06.03"]
[SourceQuality "1"]

1. d4 d6 2. Nf3 g6 3. c3 Bg7 4. Bg5 Nf6 5. Nbd2 h6 6. Bh4 Bf5 7. Bxf6 Bxf6 8. e4 Bc8 9. Be2 0-0 10. 0-0 c6 11. Nc4 Qc7 12. Nfd2 Bg7 13. Ne3 Nd7 14. f4 c5 15. d5 Rb8 16. a4 b6 17. f5 Ne5 18. fxg6 fxg6 19. Rxf8+ Bxf8 20. Qe1 Bg7 21. Qg3 Bd7 22. Nf3 Kh7 23. Nc4 Nxf3+ 24. gxf3 b5 25. axb5 Bxb5 26. Kh1 g5 27. e5 Bxc4 28. Bxc4 Bxe5 29. Bd3+ Kg7 30. Qg4 Rf8 31. Qe4 Rf6 32. Qh7+ Kf8 33. Bg6 Rxf3 34. Bf5 Qb7 35. Be6 Ke8 36. Qg6+ Kd8 37. Qg8+ Kc7 38. Qe8 a6 39. Qxe7+ Kb6 40. Qd8+ Kb5 41. b3 Bxc3 42. Ra4 c4 43. Bd7+ Kc5 44. Rxc4+ Kxd5 45. Bc6+ Qxc6 46. Rxc6 Be5 47. Rxd6+ Ke4 48. Rxh6 Rxb3 49. Qa8+ Kf4 50. Qxa6 Rb4 51. Kg2 Rb2+ 52. Kf1 g4 53. Qd3 Kg5 54. Qg6+ Kf4 55. Rh5 Bd4 56. Rf5+ Ke3 57. Qxg4 Kd3 58. Qd1+ Kc4 59. Rf4 1-0

[Event "ROM-ch (Women)"]
[Site "Olanesti"]
[Date "2019.03.09"]
[Round "8"]
[White "Lehaci, Miruna Daria"]
[Black "Dragomirescu, Angela"]
[Result "1/2-1/2"]
[WhiteElo "2052"]
[BlackElo "2260"]
[PlyCount "135"]
[EventDate "2019.03.02"]
[EventType "swiss"]
[EventRounds "9"]
[EventCountry "ROU"]
[SourceTitle "CBM 189 Extra"]
[Source "ChessBase"]
[SourceDate "2019.06.03"]
[SourceVersion "1"]
[SourceVersionDate "2019.06.03"]
[SourceQuality "1"]

1. e4 g6 2. d4 Bg7 3. Nf3 d6 4. Nc3 Nf6 5. Be2 0-0 6. 0-0 c6 7. a4 Qc7 8. a5 Nbd7 9. Be3 e5 10. dxe5 dxe5 11. h3 Rd8 12. Qc1 Nf8 13. Rd1 Rxd1+ 14. Qxd1 Ne6 15. Qd2 Bf8 16. Ra4 Nh5 17. Bc4 Qd6 18. Qxd6 Bxd6 19. Ra1 Nf6 20. Ng5 Nxg5 21. Bxg5 Kg7 22. Be3 Kf8 23. f3 Ne8 24. Na4 Ke7 25. c3 Nc7 26. Rd1 Ne6 27. Bf2 f6 28. b4 Bd7 29. Bb3 Nf4 30. Kh2 h5 31. Nb2 Ne6 32. Nc4 Bc7 33. Be3 Be8 34. Nb2 b6 35. Nc4 b5 36. Nb2 a6 37. Nd3 Bf7 38. Nc5 Bd6 39. Nb7 Bc7 40. Nc5 Bd6 41. Nb7 Bc7 42. h4 f5 43. Nc5 f4 44. Rd7+ Ke8 45. Bf2 Nxc5 46. Rxf7 Nxb3 47. Rxc7 Rd8 48. g3 Rd2 49. Kg1 Nc1 50. gxf4 Ne2+ 51. Kf1 Nxf4 52. Be3 Rd3 53. Bxf4 Rxf3+ 54. Kg2 Rxf4 55. Rxc6 Rxe4 56. Rxa6 Rc4 57. Rxg6 Rxc3 58. Re6+ Kd7 59. Rxe5 Kc6 60. Rxh5 Rc4 61. Rc5+ Rxc5 62. bxc5 b4 63. h5 b3 64. h6 b2 65. h7 b1Q 66. h8Q Qc2+ 67. Kf3 Qd3+ 68. Kg2 1/2-1/2

[Event "ROM-ch (Women)"]
[Site "Olanesti"]
[Date "2019.03.07"]
[Round "6"]
[White "Dragomirescu, Angela"]
[Black "Paraschiv, Petronela Alexandra"]
[Result "1-0"]
[WhiteElo "2260"]
[BlackElo "1872"]
[PlyCount "61"]
[EventDate "2019.03.02"]
[EventType "swiss"]
[EventRounds "9"]
[EventCountry "ROU"]
[SourceTitle "CBM 189 Extra"]
[Source "ChessBase"]
[SourceDate "2019.06.03"]
[SourceVersion "1"]
[SourceVersionDate "2019.06.03"]
[SourceQuality "1"]

1. d4 Nf6 2. c4 e6 3. g3 d5 4. Nf3 b6 5. Bg2 Bb7 6. cxd5 Nxd5 7. Qa4+ Qd7 8. Qb3 c5 9. 0-0 cxd4 10. Nxd4 Bc5 11. Rd1 Qe7 12. Qa4+ Nd7 13. Nd2 0-0 14. Ne4 Bxd4 15. Rxd4 h6 16. Bd2 Rfd8 17. Rd1 f5 18. Nc3 Nc5 19. Qa3 Nxc3 20. Bxc3 Bxg2 21. Kxg2 Rxd4 22. Rxd4 Qb7+ 23. f3 e5 24. Rd2 e4 25. b4 Nd7 26. Qb3+ Kh8 27. Qf7 exf3+ 28. exf3 Nc5 29. Bxg7+ Kh7 30. Qxf5+ Kxg7 31. bxc5 1-0

[Event "ROM-ch (Women)"]
[Site "Olanesti"]
[Date "2019.03.04"]
[Round "3"]
[White "Cosma, Elena Luminita"]
[Black "Dragomirescu, Angela"]
[Result "1/2-1/2"]
[WhiteElo "2324"]
[BlackElo "2260"]
[PlyCount "39"]
[EventDate "2019.03.02"]
[EventType "swiss"]
[EventRounds "9"]
[EventCountry "ROU"]
[SourceTitle "CBM 189 Extra"]
[Source "ChessBase"]
[SourceDate "2019.06.03"]
[SourceVersion "1"]
[SourceVersionDate "2019.06.03"]
[SourceQuality "1"]

1. d4 d6 2. e4 Nf6 3. Nc3 g6 4. Nf3 Bg7 5. h3 0-0 6. Be3 a6 7. a4 Nc6 8. Be2 e5 9. dxe5 dxe5 10. Qxd8 Rxd8 11. Bc4 Bd7 12. 0-0-0 Be8 13. Bg5 Rxd1+ 14. Rxd1 h6 15. Be3 Rc8 16. Bb3 Kh7 17. Ba2 Nb4 18. Bc4 Nc6 19. Ba2 Nb4 20. Bc4 1/2-1/2